| 000 | 00562nam a2200181 i 4500 | ||
|---|---|---|---|
| 001 | 140964 | ||
| 003 | ES-MaACL | ||
| 005 | 20230906200206.0 | ||
| 007 | t| | ||
| 008 | 070918s1959 ag f |||| | spa d | ||
| 100 | 1 |
_aWerth, Leon. _9116521 |
|
| 245 | 1 | 3 |
_aLa pintura y la moda _b: cuarenta años después de Cézanne / _cLeon Werth ; [versión por Geo Dorival]. |
| 260 |
_aBuenos Aires : _bSchapire, _c[1959] |
||
| 300 |
_a196 p., 15 lám. ; _c20 cm. |
||
| 650 | 4 |
_aModa- _xEn el arte. _9164783 |
|
| 700 | 1 |
_aDorival, Geo. _945408 |
|
| 852 |
_aES-MaACL _jE-9577 |
||
| 999 |
_c140964 _d140964 |
||